00465nam a22001457a 4500008004100000020001500041082001600056100002000072245003400092260006200126300000900188942001200197999001500209952009500224230619b xxu||||| |||| 00| 0 eng d a066424937X a301.44bFRI cMurray Friedman aOvercomming middle class rage aphiladelphia, pennyslvaniabMCMLXXI the westnibster press a383p 2ddccBK c1259d1259 00102ddc4070a002b002d2023-06-19l0o301.44 FRIp10000816r2023-06-19w2023-06-19yBK